Métallurgie du cuivre et alliages de cuivre / (Registro nro. 22686)

Detalles MARC
000 -LEADER
campo de control de longitud fija 00593nam a2200193 i 4500
001 - NÚMERO DE CONTROL
campo de control 22686
003 - IDENTIFICADOR DE NÚMERO DE CONTROL
campo de control ES-MaACL
005 - FECHA Y HORA DE LA ÚLTIMA TRANSACCIÓN
campo de control 20250728233143.0
007 - CAMPO FIJO DE DESCRIPCIÓN FÍSICA--INFORMACIÓN GENERAL
campo de control de longitud fija t|
008 - DATOS DE LONGITUD FIJA--INFORMACIÓN GENERAL
campo de control de longitud fija 021204s1925 fr ||||1| fre d
100 1# - ENTRADA PRINCIPAL--NOMBRE DE PERSONA
Nombre de persona Altmayer, Maurice.
9 (RLIN) 20552
245 10 - MENCIÓN DEL TÍTULO
Título Métallurgie du cuivre et alliages de cuivre /
Mención de responsabilidad, etc. par M. Altmayer et León Guillet.
260 ## - PUBLICACIÓN, DISTRIBUCIÓN, ETC.
Lugar de publicación, distribución, etc. París :
Nombre del editor, distribuidor, etc. J.B. Baillière et Fils,
Fecha de publicación, distribución, etc. 1925.
300 ## - DESCRIPCIÓN FÍSICA
Extensión 714 p. ;
Dimensiones 23 cm.
650 #7 - PUNTO DE ACCESO ADICIONAL DE MATERIA--TÉRMINO DE MATERIA
Término de materia o nombre geográfico como elemento de entrada Metalurgia
Fuente del encabezamiento o término embne
9 (RLIN) 136491
700 1# - ENTRADA AGREGADA--NOMBRE PERSONAL
Nombre de persona Guillet, Léon,
Fechas asociadas al nombre 1873-1946
9 (RLIN) 156038
852 ## - LOCALIZACIÓN
Ubicación ES-MaACL
Número de control de estantería B-12183
Existencias
Estatus retirado Estado de pérdida Estado de daño No para préstamo Biblioteca de origen Biblioteca actual Ubicación en estantería Fecha de adquisición Fuente de adquisición Total de préstamos Signatura topográfica completa Código de barras Visto por última vez Precio de reemplazo Tipo de ítem Koha
        Biblioteca del Ateneo de Madrid Biblioteca del Ateneo de Madrid Sala Pardo Bazán 17/01/2008     B-12183 1023357 23/02/2023 23/02/2023 Libro impreso